00438nam a2200193Ia 4500008004100000020001800041050001400059100001800073245001600091245001600107245002100123260001500144260001600159260000900175300001500184300002700199300001000226500000800236170918s9999 xx 000 0 und d a9780590208338 bY471 1995 aYep, Laurence aHiroshima : ba novella / cby Laurence Yep. aNew York : bScholastic, c1995 a56 pages : bcolored illustration ; c19cm. a660